The nation's voice, towards consolidation : (Record no. 70756)
[ view plain ]
| 000 -LEADER | |
|---|---|
| fixed length control field | 01540cam a2200373 a 4500 |
| 001 - CONTROL NUMBER | |
| control field | 1103919 |
| 003 - CONTROL NUMBER IDENTIFIER | |
| control field | NUST - PNEC |
| 005 - DATE AND TIME OF LATEST TRANSACTION | |
| control field | 20170116181147.0 |
| 008 - FIXED-LENGTH DATA ELEMENTS--GENERAL INFORMATION | |
| fixed length control field | 930928m19929999pk b 000 0 eng |
| 010 ## - LIBRARY OF CONGRESS CONTROL NUMBER | |
| LC control number | 92931605 |
| 020 ## - INTERNATIONAL STANDARD BOOK NUMBER | |
| International Standard Book Number | 9694780004 : |
| 020 ## - INTERNATIONAL STANDARD BOOK NUMBER | |
| International Standard Book Number | 9694130573 : |
| 025 ## - OVERSEAS ACQUISITION NUMBER | |
| Overseas acquisition number | P-E-026403 13/1-67 |
| 040 ## - CATALOGING SOURCE | |
| Transcribing agency | LIBRARY |
| 043 ## - GEOGRAPHIC AREA CODE | |
| Geographic area code | a-ii--- |
| -- | a-pk--- |
| 050 00 - LIBRARY OF CONGRESS CALL NUMBER | |
| Classification number | DS480.82 |
| Item number | .J525 1992 |
| 082 ## - DEWEY DECIMAL CLASSIFICATION NUMBER | |
| Classification number | 954.91 WAH |
| 100 1# - MAIN ENTRY--PERSONAL NAME | |
| Personal name | Jinnah, Mahomed Ali, Edited by Waheed Ahmed |
| Dates associated with a name | 1876-1948. |
| 9 (RLIN) | 15090 |
| 245 14 - TITLE STATEMENT | |
| Title | The nation's voice, towards consolidation : |
| Remainder of title | speeches and statements / |
| Statement of responsibility, etc. | Quaid-i-Azam Mohammad Ali Jinnah ; edited by Waheed Ahmad. |
| 246 1# - VARYING FORM OF TITLE | |
| Display text | Vol. 7 has title: |
| Title proper/short title | The nation's voice |
| 260 ## - PUBLICATION, DISTRIBUTION, ETC. | |
| Place of publication, distribution, etc. | Karachi, Pakistan : |
| Name of publisher, distributor, etc. | Quaid-i-Azam Academy, |
| Date of publication, distribution, etc. | 1992-<2003> |
| 300 ## - PHYSICAL DESCRIPTION | |
| Extent | v. <1-3, 7> ; |
| Dimensions | 22 cm. |
| 440 #0 - SERIES STATEMENT/ADDED ENTRY--TITLE | |
| Title | Documentation series (Pakistan) ; |
| Volume/sequential designation | 6-8, 12 |
| 500 ## - GENERAL NOTE | |
| General note | Vol. 7 has title: The nation's voice |
| 504 ## - BIBLIOGRAPHY, ETC. NOTE | |
| Bibliography, etc. note | Includes bibliographical references. |
| 505 1# - FORMATTED CONTENTS NOTE | |
| Formatted contents note | [v. 1] March 1935-March 1940 -- v. 2. United we win -- v. 3. Unity, faith, and discipline -- v. 7. Launching the state and the end of the journey |
| 650 #0 - SUBJECT ADDED ENTRY--TOPICAL TERM | |
| Topical term or geographic name entry element | Pakistan movement. |
| General subdivision | General |
| 651 #0 - SUBJECT ADDED ENTRY--GEOGRAPHIC NAME | |
| Geographic name | India |
| General subdivision | Politics and government |
| Chronological subdivision | 1919-1947. |
| 700 1# - ADDED ENTRY--PERSONAL NAME | |
| Personal name | Ahmad, Waheed. |
| 906 ## - LOCAL DATA ELEMENT F, LDF (RLIN) | |
| a | 7 |
| b | cbc |
| c | orignew |
| d | 3 |
| e | ncip |
| f | 19 |
| g | y-gencatlg |
| 942 ## - ADDED ENTRY ELEMENTS (KOHA) | |
| Source of classification or shelving scheme | |
| Koha item type | Book |
| Withdrawn status | Lost status | Source of classification or shelving scheme | Damaged status | Not for loan | Permanent Location | Current Location | Shelving location | Date acquired | Total Checkouts | Full call number | Barcode | Date last seen | Price effective from | Koha item type |
|---|---|---|---|---|---|---|---|---|---|---|---|---|---|---|
| Pakistan Navy Engineering College (PNEC) | Pakistan Navy Engineering College (PNEC) | 954.91 WAH | PNECLIB-017583 | 10/13/2015 | Book |
